000
00290nam a2200109Ia 4500
008
220120s9999||||xx |||||||||||||| ||und||
100
_a
Karantha, Sivarama
_9
3673
245
0
_a
Mookajjiya Kanasugalu
260
_a
Sapna book house
_b
New Delhi
300
_a
940p.
_b
500
650
_a
GENERAL BOOKS
999
_c
137365
_d
137365